01001nam a22001817a 450000500170000000800410001702000180005805000210007610000030009724500840010025000130018426000430019730000400024050000190028050504810029970000200078070000190080020230614102255.0230614b ||||| |||| 00| 0 eng d a9780070091917 aHB171.5.M47(18e)  aEconomics: principles, problems and policies /cCampbell McConnell ... [et al.] a18th ed. aNew York :bMcGraw-Hill/ Irwin,c2009. axxxi, 786 p. :bcol. ill. ;c26 cm. aInclude index. aContents: Part One: Introduction to economics and the economy -- Part Two: Microeconomics of product markets -- Part Three: Microeconomics of resources markets -- Part Four: Microeconomics of government -- Part Five: Microeconomics of issues and policies -- Part Six: GDP, growth, and instability -- Part Seven: Macroeconomics models and fiscal policy -- Part Eight: Money, banking, and monetary policy -- Part nine: Extensions and issues -- Part Ten: International economics. aBruce, Stanley. aFlynn, Sean M.